| 000 | 01243nam0a2200265 4500 | ||
|---|---|---|---|
| 001 | RU\NLR\bibl\1285857 | ||
| 005 | 20260407083530.0 | ||
| 035 | _a(NLR Aleph) 001271579 | ||
| 090 |
_a442474 _c442474 |
||
| 100 | _a20081020d1990 |||y0rusy50 ca | ||
| 101 | 0 | _arus | |
| 102 | _aRU | ||
| 105 | _aa ||||||||| | ||
| 200 | 1 |
_aГалотерапия в профилактике и лечении заболеваний органов дыхания _eметодические рекомендации _fМ-во здравоохранения СССР, Упр. специализир. мед. помощи _g[П.П. Горбенко [и др.] |
|
| 210 |
_aЛенинград _c[б.и.] _d1990 |
||
| 215 |
_a13, [1] с. _cграф. _d20 |
||
| 606 | 1 |
_aДыхательная система _jМетодические пособия _xБолезни _xСпелеотерапия _92541243 _3RU\NLR\auth\661504455 |
|
| 686 | _aР412-54я8 | ||
| 702 | 1 |
_aГорбенко _bП. П. _4220 |
|
| 712 | 0 | 1 |
_4570 _aСССР _bУправление специализированной медицинской помощи _3RU\NLR\AUTH\8810572 _9293730 |
| 801 | 0 |
_aRU _bNLR _c20081020 _gRCR |
|
| 801 | 1 |
_aRU _bNLR _c20081020 |
|
| 942 | _cBOOK | ||
| 980 | _aNB | ||